header

Calculus : early transcendentals (Record no. 254275)

MARC details
000 -LEADER
fixed length control field 00601nam a22001937a 4500
003 - CONTROL NUMBER IDENTIFIER
control field OSt
005 - DATE AND TIME OF LATEST TRANSACTION
control field 20160531105706.0
008 - FIXED-LENGTH DATA ELEMENTS--GENERAL INFORMATION
fixed length control field 160531b xxu||||| |||| 00| 0 eng d
010 ## - LIBRARY OF CONGRESS CONTROL NUMBER
LC control number 2006939532
020 ## - INTERNATIONAL STANDARD BOOK NUMBER
International Standard Book Number 9780495011668 0495011665
040 ## - CATALOGING SOURCE
Transcribing agency n/a
050 ## - LIBRARY OF CONGRESS CALL NUMBER
Classification number QA303.2
Item number .S7315 2008
100 ## - MAIN ENTRY--PERSONAL NAME
Personal name Stewart,James
245 ## - TITLE STATEMENT
Title Calculus : early transcendentals
Remainder of title
Statement of responsibility, etc James Stewart.
250 ## - EDITION STATEMENT
Edition statement 6th ed
Remainder of edition statement instuctor's ed.
260 ## - PUBLICATION, DISTRIBUTION, ETC. (IMPRINT)
Place of publication, distribution, etc Belmont, CA :
Name of publisher, distributor, etc Thomson Brooks/Cole
Date of publication, distribution, etc c2008.
300 ## - PHYSICAL DESCRIPTION
Extent 1 v. (various pagings) :
Other physical details ill. (some col.) ;
Dimensions 26 cm.
942 ## - ADDED ENTRY ELEMENTS (KOHA)
Source of classification or shelving scheme Library of Congress Classification
Koha item type Long Loan Books
Holdings
Withdrawn status Lost status Source of classification or shelving scheme Damaged status Not for loan Collection code Home library Current library Shelving location Date acquired Total Checkouts Full call number Barcode Date last seen Date checked out Price effective from Koha item type Total Renewals
    Library of Congress Classification     Non-fiction Rongo University Library Rongo University Library General Stacks 31/05/2016 27 QA303.2 .S7315 2008 201612188 19/12/2025 03/12/2025 31/05/2016 Long Loan Books  
    Library of Congress Classification     Non-fiction Rongo University Library Rongo University Library General Stacks 08/02/2017 19 QA303.2 .S7315 2008 201617453 26/10/2023 29/09/2023 08/02/2017 Long Loan Books  
    Library of Congress Classification     Non-fiction Rongo University Library Rongo University Library General Stacks 01/03/2017 16 QA303.2 .S7315 2008 201614431 20/03/2025 18/10/2024 01/03/2017 Long Loan Books 1
    Library of Congress Classification       Rongo University Library Rongo University Library General Stacks 07/03/2017 19 QA303.2 .S7315 2008 201615924 28/10/2024 16/10/2024 07/03/2017 Long Loan Books  

© 2026 Rongo University
Contact us: librarian | system librarian | Rongo university